| 000 | 00563 a2200181 4500 | ||
|---|---|---|---|
| 001 | 130764 | ||
| 020 | _a85-02-02562-7 | ||
| 040 | _cLeonardo Da Vinci | ||
| 041 | _aPortuguês | ||
| 082 |
_a343.04 O47c _bO47c |
||
| 100 | _aOLIVEIRA, José Jayme de Macedo | ||
| 245 |
_aCódigo tributário nacional _bcomentários, tributário e jurisprudência |
||
| 260 |
_bSaraiva _c1998 _aSão Paulo |
||
| 300 | _a642 | ||
| 362 | _a19980000 | ||
| 697 |
_aDireito _aDireito tributário _aComentários _aLegislação _aLeis _aImpostos _aTributação _aBrasil _aFIPEN |
||
| 942 | _cBK | ||
| 999 |
_c130764 _d130764 |
||